Statistics for The First U.S. State to Do It

Click here to take the quiz!

General Stats

  • This quiz has been taken 8,678 times
  • The average score is 13 of 20

Answer Stats

The first state to ...YearState% Correct
surpass 1 million in
population
c. 1811New York
91%
have a Chinatown1848California
84%
have an airplane flight1903North Carolina
83%
ratify the Constitution1787Delaware
82%
be settled by the English1607Virginia
81%
be settled by Europeans1565Florida
79%
have an institute of
higher learning
1636Massachusetts
76%
secede from the Union1860South Carolina
75%
have a Starbucks1971Washington
74%
have a nuclear weapons test1945New Mexico
73%
have jazz musicc. 1910Louisiana
68%
have Elvis1935Mississippi
55%
win the Super Bowl1967Wisconsin
55%
celebrate Juneteenth1866Texas
54%
host the Olympic games1904Missouri
50%
have a major silver ore find
(hint: Comstock Lode)
1859Nevada
41%
allow women to vote1869Wyoming
38%
have an oil well1859Pennsylvania
36%
have a rock and roll concert1952Ohio
30%
have a nuclear reactor1942Illinois
29%

Score Distribution

Percentile by Number Answered

Percent of People with Each Score

Your Score History

You have not taken this quiz